Červená rukavička

Bibliographic Details
Main Author: Sabolová, Paula, 1938- (Author)
Format: Article
Language:Slovak
ISSN:0139-911X
Subjects:

MARC

LEADER 00000nab a2200000 a 4500
001 vtls010482978
003 SK-MaSNL
005 20260303090459.0
008 130115 2013xo m 000 0 slo
015 |a SNKBRB 2013/01 
038 |a KEKMK 
040 |a KEKMK  |b slo  |c KEKMK  |e AACR2 
041 |a slo 
044 |a xo  |c SK 
100 1 |a Sabolová, Paula,  |d 1938-  |4 aut  |9 113129 
245 1 0 |a Červená rukavička  |c Paula Sabolová 
650 0 7 |a literatúra pre deti a mládež  |2 kekmk  |9 21893 
773 |t Slniečko  |g Roč.67, č.5 (január 2013), s.8-9  |x 0139-911X 
999 |c 1803459  |d 1805389